|
|
|
|
| LEADER |
00000nam0a2200000 4500 |
| 001 |
358375 |
| 005 |
20231102011104.0 |
| 035 |
|
|
|a (RuTPU)RU\TPU\retro\15643
|
| 090 |
|
|
|a 358375
|
| 100 |
|
|
|a 20200817d1978 km y0rusy50 ca
|
| 101 |
0 |
|
|a fre
|a rus
|
| 102 |
|
|
|a RU
|
| 105 |
|
|
|a a z 001zy
|
| 200 |
1 |
|
|a Учебник французского языка для 2 курса институтов и факультетов иностранных языков
|f Ж. А. Казакова, И. Н. Попова
|
| 205 |
|
|
|a 3-е изд., испр.
|
| 210 |
|
|
|a Москва
|c Высшая школа
|d 1978
|
| 215 |
|
|
|a 304 с.
|c ил.
|
| 320 |
|
|
|a Библиогр.: с. 297
|
| 510 |
1 |
|
|a Manuel de Francais
|z fre
|
| 606 |
1 |
|
|a Французский язык
|x Учебные руководства и пособия для вузов
|2 stltpush
|3 (RuTPU)RU\TPU\subj\16836
|9 42736
|
| 610 |
1 |
|
|a лексика
|
| 610 |
1 |
|
|a грамматика
|
| 610 |
1 |
|
|a разговорная речь
|
| 610 |
1 |
|
|a упражнения
|
| 686 |
|
|
|a Ш147.11-923
|v LBC/SL-A
|2 rubbk
|
| 700 |
|
1 |
|a Казакова
|b Ж. А.
|g Жоржетта Александровна
|
| 701 |
|
1 |
|a Попова
|b И. Н.
|g Ирина Николаевна
|
| 801 |
|
1 |
|a RU
|b 63413507
|c 20200817
|
| 801 |
|
2 |
|a RU
|b 63413507
|c 20210303
|g RCR
|
| 942 |
|
|
|c BK
|